Rukoväť audítorských štandardov

Obsah Medzinárodného audítorského štandardu (ISA) 505 - Externé potvrdenia.

Gespeichert in:
Bibliographische Detailangaben
1. Verfasser: Krišková, Petra, 1981-
Weitere Verfasser: Užík, Ján, 1969-
Format: Buchkapitel
Sprache:Slowakisch
Schlagworte:
Tags: Tag hinzufügen
Keine Tags, Fügen Sie das erste Tag hinzu!

MARC

LEADER 00000naa a2200000 4500
001 0246029
005 20240502073943.8
041 0 |a slo 
044 |a SK 
245 1 0 |a Rukoväť audítorských štandardov  |c Petra Krišková, Ján Užík 
520 |a Obsah Medzinárodného audítorského štandardu (ISA) 505 - Externé potvrdenia. 
610 2 0 |a štandardy audítorské medzinárodné 
610 2 0 |a audítori 
610 2 0 |a informácie účtovné 
610 2 0 |a kontrola 
100 1 |a Krišková, Petra, 1981- 
700 1 |a Užík, Ján, 1969-